[Event "ESP-ch U18"]
[Site "Linares"]
[Date "2007.08.04"]
[Round "9"]
[White "Senlle Caride, Miguel"]
[Black "Maura Mundo, Alejandro"]
[Result "1-0"]
[WhiteElo "2179"]
[BlackElo "2133"]
[PlyCount "41"]
[EventDate "2007.07.29"]
[EventType "swiss"]
[EventRounds "9"]
[EventCountry "ESP"]
[SourceTitle "EXT 2008"]
[Source "ChessBase"]
[SourceDate "2007.11.25"]
[SourceVersion "1"]
[SourceVersionDate "2007.11.25"]
[SourceQuality "1"]

1. g3 g6 2. Bg2 Bg7 3. e4 c5 4. c3 Nc6 5. Ne2 e5 6. 0-0 Nge7 7. f4 d5 8. exd5 Nxd5 9. fxe5 Bxe5 10. Qb3 Be6 11. Qxb7 Rc8 12. Qb5 0-0 13. d3 Nce7 14. Bh6 Re8 15. Qa4 Nf5 16. Bf4 Nxf4 17. Nxf4 Ne3 18. Nxe6 Rxe6 19. Rf3 Bb8 20. Bf1 Rf6 21. Rxe3 1-0

[Event "ESP-ch U18"]
[Site "Linares"]
[Date "2007.08.01"]
[Round "6"]
[White "Maura Mundo, Alejandro"]
[Black "Aguado Solana, Juan"]
[Result "0-1"]
[WhiteElo "2133"]
[BlackElo "1995"]
[PlyCount "58"]
[EventDate "2007.07.29"]
[EventType "swiss"]
[EventRounds "9"]
[EventCountry "ESP"]
[SourceTitle "EXT 2008"]
[Source "ChessBase"]
[SourceDate "2007.11.25"]
[SourceVersion "1"]
[SourceVersionDate "2007.11.25"]
[SourceQuality "1"]

1. e4 c5 2. Nf3 d6 3. d4 cxd4 4. Nxd4 Nf6 5. Nc3 a6 6. Be3 e6 7. f3 b5 8. g4 Bb7 9. Qd2 Nfd7 10. 0-0-0 Nb6 11. Bg5 Be7 12. Bxe7 Qxe7 13. Nb3 d5 14. e5 b4 15. Nb1 N8d7 16. f4 Nc4 17. Qd4 Rc8 18. N1d2 Ndb6 19. h4 Qc7 20. Na1 Na4 21. b3 Nc3 22. bxc4 Qa5 23. Nb1 Nxd1 24. Qxd1 dxc4 25. Rh3 Qxa2 26. Qd4 Rd8 27. Qxc4 Qxa1 28. Qxb4 Qd4 29. Qxb7 Qxf4+ 0-1

[Event "ESP-ch U18"]
[Site "Linares"]
[Date "2007.07.31"]
[Round "5"]
[White "Larino Nieto, David"]
[Black "Maura Mundo, Alejandro"]
[Result "1-0"]
[WhiteElo "2435"]
[BlackElo "2133"]
[PlyCount "75"]
[EventDate "2007.07.29"]
[EventType "swiss"]
[EventRounds "9"]
[EventCountry "ESP"]
[SourceTitle "EXT 2008"]
[Source "ChessBase"]
[SourceDate "2007.11.25"]
[SourceVersion "1"]
[SourceVersionDate "2007.11.25"]
[SourceQuality "1"]

1. e4 c5 2. d3 d5 3. exd5 Qxd5 4. Nc3 Qd7 5. Nf3 Nc6 6. Bf4 f6 7. Be2 e5 8. Bg3 Nge7 9. h3 Nf5 10. Bh2 Be7 11. Ne4 0-0 12. c3 b6 13. a3 Bb7 14. b4 cxb4 15. axb4 Kh8 16. 0-0 a5 17. bxa5 Nxa5 18. Qc2 Bxe4 19. dxe4 Nd6 20. Nd2 Qc6 21. Rab1 Rfc8 22. Rfc1 Rab8 23. c4 Nf7 24. Bg4 Rd8 25. Rb5 Bc5 26. Nb3 Nxb3 27. Rxb3 Rd4 28. Kh1 Qxe4 29. Qxe4 Rxe4 30. Be6 Nd6 31. Bg1 Re2 32. f3 Nb7 33. Rcb1 g6 34. Bd5 Na5 35. Bxc5 Nxb3 36. Rxb3 f5 37. Rxb6 Rxb6 38. Bxb6 1-0

[Event "ESP-ch U18"]
[Site "Linares"]
[Date "2007.07.29"]
[Round "2"]
[White "Maura Mundo, Alejandro"]
[Black "Aranaz Murillo, Amalia"]
[Result "1-0"]
[WhiteElo "2133"]
[BlackElo "1706"]
[PlyCount "121"]
[EventDate "2007.07.29"]
[EventType "swiss"]
[EventRounds "9"]
[EventCountry "ESP"]
[SourceTitle "EXT 2008"]
[Source "ChessBase"]
[SourceDate "2007.11.25"]
[SourceVersion "1"]
[SourceVersionDate "2007.11.25"]
[SourceQuality "1"]

1. e4 c6 2. d4 d5 3. exd5 cxd5 4. c4 Nf6 5. Nc3 e6 6. Nf3 Bb4 7. cxd5 Nxd5 8. Bd2 Nc6 9. Bd3 0-0 10. 0-0 Be7 11. Be3 Bf6 12. Ne4 Nce7 13. Nxf6+ Nxf6 14. Bc2 Bd7 15. Ne5 Ned5 16. Qf3 Nb4 17. Bb3 Bb5 18. Rfd1 Nc6 19. a4 Na5 20. Bc2 Bc6 21. Qh3 Be4 22. Bxe4 Nxe4 23. b4 Nc6 24. Nxc6 bxc6 25. Qh5 Qd5 26. Qxd5 cxd5 27. Rdc1 Rfc8 28. Kf1 Nd6 29. Rc5 Nc4 30. Ke2 Kf8 31. b5 Ke7 32. Kd3 Kd7 33. Kc3 Rc7 34. Rxc7+ Kxc7 35. Bc1 a6 36. Rb1 Rb8 37. Bf4+ Nd6 38. Bxd6+ Kxd6 39. Kb4 axb5 40. axb5 Kc7 41. Rc1+ Kb7 42. Rc3 Ra8 43. Rf3 f6 44. Rh3 h6 45. Rg3 Rg8 46. Rg6 Kb6 47. h3 h5 48. Rg3 g5 49. Rc3 Kb7 50. Rc6 Re8 51. Kc5 f5 52. b6 g4 53. Rc7+ Kb8 54. h4 e5 55. dxe5 Rxe5 56. Rf7 g3 57. fxg3 Re2 58. Rxf5 Rxg2 59. Rg5 Kb7 60. Rg7+ Kb8 61. Kxd5 1-0

[Event "ESP-ch U18"]
[Site "Linares"]
[Date "2007.07.29"]
[Round "1"]
[White "Perez Castellano, Susana"]
[Black "Maura Mundo, Alejandro"]
[Result "0-1"]
[WhiteElo "1861"]
[BlackElo "2133"]
[PlyCount "56"]
[EventDate "2007.07.29"]
[EventType "swiss"]
[EventRounds "9"]
[EventCountry "ESP"]
[SourceTitle "EXT 2008"]
[Source "ChessBase"]
[SourceDate "2007.11.25"]
[SourceVersion "1"]
[SourceVersionDate "2007.11.25"]
[SourceQuality "1"]

1. e4 c5 2. Nf3 e6 3. d4 cxd4 4. Nxd4 a6 5. Nc3 b6 6. Be2 Bb7 7. a3 Nc6 8. Be3 d6 9. 0-0 Nf6 10. f4 Be7 11. Bf3 Qc7 12. f5 Nxd4 13. Qxd4 0-0 14. Rad1 Rfc8 15. g4 Nd7 16. g5 Ne5 17. f6 gxf6 18. gxf6 Bxf6 19. Kh1 Ng4 20. Qd2 Nxe3 21. Qxe3 Kh8 22. Rd3 Be5 23. Qh6 Rg8 24. Bg2 Rg6 25. Qh5 Rag8 26. Rh3 f5 27. Bf3 Qg7 28. Ne2 fxe4 0-1

[Event "Balaguer op 12th"]
[Site "Balaguer"]
[Date "2007.07.21"]
[Round "6"]
[White "Maura Mundo, Alejandro"]
[Black "Van Riemsdijk, Herman Claudius"]
[Result "0-1"]
[WhiteElo "2133"]
[BlackElo "2420"]
[PlyCount "74"]
[EventDate "2007.07.16"]
[EventType "swiss"]
[EventRounds "10"]
[EventCountry "ESP"]
[SourceTitle "CBM 119 Extra"]
[Source "ChessBase"]
[SourceDate "2007.09.04"]
[SourceVersion "1"]
[SourceVersionDate "2007.09.04"]
[SourceQuality "1"]

1. e4 e5 2. Nf3 Nc6 3. Bb5 a6 4. Ba4 Nf6 5. d3 d6 6. c3 Be7 7. 0-0 0-0 8. Re1 b5 9. Bc2 Re8 10. Nbd2 Bf8 11. Nf1 g6 12. Bg5 h6 13. Bh4 Bg7 14. Ne3 Qd7 15. a4 Bb7 16. Qd2 Nh5 17. Nd5 Nf4 18. Nxf4 exf4 19. Qxf4 g5 20. Nxg5 hxg5 21. Bxg5 Ne5 22. d4 Ng6 23. Qg3 c5 24. Rad1 cxd4 25. cxd4 Rac8 26. Bb1 Rc4 27. h4 Rxd4 28. Rxd4 Bxd4 29. h5 Be5 30. f4 Bd4+ 31. Kh1 Kg7 32. e5 dxe5 33. Bxg6 fxg6 34. Bh6+ Kh8 35. hxg6 Qf5 36. fxe5 Qh5+ 37. Qh2 Rxe5 0-1

[Event "Andorra op 24th"]
[Site "Andorra"]
[Date "2006.07.16"]
[Round "9"]
[White "Maura Mundo, Alejandro"]
[Black "Bruned, Yvalin"]
[Result "0-1"]
[WhiteElo "2149"]
[BlackElo "2352"]
[PlyCount "71"]
[EventDate "2006.07.08"]
[EventType "swiss"]
[EventRounds "9"]
[EventCountry "AND"]
[SourceTitle "EXT 2022"]
[Source "ChessBase"]
[SourceDate "2021.10.06"]
[SourceVersion "1"]
[SourceVersionDate "2021.10.06"]
[SourceQuality "1"]

1. e4 c5 2. Nc3 Nc6 3. f4 g6 4. Nf3 Bg7 5. Bc4 e6 6. d3 Nge7 7. 0-0 0-0 8. Qe1 d5 9. Bb3 Na5 10. Bd2 Nxb3 11. axb3 b6 12. Nd1 Nc6 13. Bc3 d4 14. Bd2 f5 15. e5 a5 16. Nf2 Bb7 17. h3 Bh6 18. Qe2 Nb4 19. Rac1 Nd5 20. g3 a4 21. bxa4 Rxa4 22. Ra1 Qa8 23. Rxa4 Qxa4 24. b3 Qc6 25. Ne1 Ra8 26. Kh2 b5 27. Rg1 b4 28. h4 Nc3 29. Bxc3 bxc3 30. Nh3 Kf7 31. g4 Ke7 32. h5 Rg8 33. Ng2 g5 34. fxg5 Bxg5 35. gxf5 exf5 36. Rf1 0-1